Vybrané aspekty energetickej bezpečnosti čínskej ekonomiky

Čína sa v roku 2011 stala druhou najväčšou ekonomikou za USA a v parite kúpnej sily dokonca v roku 2014 predbehla USA. Takýto vývoj sa premietol do jej pozície dominantného dovozcu väčšiny surovín, materiálov, ale aj strojov a zariadení. Základná charakteristika energetického trhu Číny. Empirická an...

ver descrição completa

Na minha lista:
Detalhes bibliográficos
Autor principal: Harvánek, Lukáš
Outros Autores: Královičová, Michaela
Formato: Capítulo de Livro
Idioma:eslovaco
Assuntos:
Tags: Adicionar Tag
Sem tags, seja o primeiro a adicionar uma tag!

MARC

LEADER 00000nla a2200000 4500
001 0211132
005 20240531130532.9
041 0 |a slo 
044 |a SK 
245 1 0 |a Vybrané aspekty energetickej bezpečnosti čínskej ekonomiky  |c Lukáš Harvánek, Michaela Královičová 
520 |a Čína sa v roku 2011 stala druhou najväčšou ekonomikou za USA a v parite kúpnej sily dokonca v roku 2014 predbehla USA. Takýto vývoj sa premietol do jej pozície dominantného dovozcu väčšiny surovín, materiálov, ale aj strojov a zariadení. Základná charakteristika energetického trhu Číny. Empirická analýza závislosti Číny na fosílnych palivách na príklade ropy. Aplikácia indexu diverzifikácie energetických zdrojov. Otázka energetickej bezpečnosti v prípade čínskej ekonomiky stále viac naberá na význame. Energetická bezpečnosť Číny klesá. Stabilita dodávok hlavných čínskych dodávateľov energetických vstupov sa znižuje. 
610 2 0 |a Čína 
610 2 0 |a bezpečnosť energetická 
610 2 0 |a dovoz 
610 2 0 |a ropa 
610 2 0 |a palivá 
610 2 0 |a zdroje energetické 
610 2 0 |a diverzifikácia 
100 1 |a Harvánek, Lukáš 
700 1 |a Královičová, Michaela